[Event "Agneaux St Lo U18 op"]
[Site "Agneaux"]
[Date "2006.07.10"]
[Round "3"]
[White "Zaibi, Amir"]
[Black "Delivre, Raphael"]
[Result "1-0"]
[WhiteElo "1972"]
[BlackElo "2022"]
[PlyCount "113"]
[EventDate "2006.07.08"]
[EventType "swiss"]
[EventRounds "9"]
[EventCountry "FRA"]
[SourceTitle "EXT 2007"]
[Source "ChessBase"]
[SourceDate "2006.11.23"]
[SourceVersion "1"]
[SourceVersionDate "2006.11.23"]
[SourceQuality "1"]

1. e4 c5 2. Nf3 Nc6 3. Bb5 e6 4. 0-0 Nge7 5. c3 a6 6. Ba4 b5 7. Bc2 d5 8. d4 c4 9. e5 Ng6 10. Ng5 Be7 11. Qh5 Bxg5 12. Bxg5 Qb6 13. Nd2 Kd7 14. Bxg6 fxg6 15. Qf3 Kc7 16. Qf7+ Bd7 17. Qxg7 a5 18. Bf6 b4 19. Rab1 a4 20. a3 bxc3 21. bxc3 Qa7 22. Be7 Nxe7 23. Qxe7 Rhb8 24. Qxh7 Qa5 25. Rb4 Rxb4 26. cxb4 Qb6 27. Nf3 Rf8 28. Rd1 Rf4 29. Qxg6 Re4 30. Qg5 c3 31. Qc1 Bb5 32. Qxc3+ Bc4 33. Re1 Rg4 34. h3 Rg7 35. Nd2 Qc6 36. Rc1 Kb6 37. Qf3 Qc7 38. g4 Kb5 39. Nxc4 dxc4 40. Qf8 Rh7 41. Rc3 Re7 42. h4 Qa7 43. Qd8 Rd7 44. Qa5+ Qxa5 45. bxa5 Rxd4 46. f3 Rd5 47. a6 Kxa6 48. Rxc4 Kb5 49. Rb4+ Ka5 50. h5 Rd3 51. h6 Rxa3 52. Rxa4+ Kxa4 53. h7 Rxf3 54. h8Q Rg3+ 55. Kf2 Rxg4 56. Qe8+ Kb4 57. Qxe6 1-0

[Event "FRA-chT U20"]
[Site "Pau"]
[Date "2005.12.19"]
[Round "5"]
[White "Delivre, Raphael"]
[Black "Buscara, Sevan"]
[Result "1-0"]
[WhiteElo "2044"]
[BlackElo "1920"]
[PlyCount "49"]
[EventDate "2005.12.??"]
[EventType "team"]
[EventRounds "11"]
[EventCountry "FRA"]
[SourceTitle "EXT 2007"]
[Source "ChessBase"]
[SourceDate "2006.11.23"]
[SourceVersion "1"]
[SourceVersionDate "2006.11.23"]
[SourceQuality "1"]
[WhiteTeam "Paris NAO"]
[BlackTeam "Montpellier"]
[WhiteTeamCountry "FRA"]
[BlackTeamCountry "FRA"]

1. e4 c5 2. Nf3 Nc6 3. d4 cxd4 4. Nxd4 Qb6 5. Nb3 Nf6 6. Nc3 e6 7. Bd3 a6 8. 0-0 Be7 9. Be3 Qc7 10. f4 d6 11. Kh1 b5 12. Qf3 Bb7 13. Rae1 h5 14. Bg1 Nb4 15. a3 Nxd3 16. cxd3 0-0 17. Nd4 g6 18. Qg3 Kh7 19. e5 Nd7 20. f5 gxf5 21. Qh3 dxe5 22. Qxh5+ Kg7 23. Rxf5 Bxg2+ 24. Kxg2 Qb7+ 25. Ne4 1-0

[Event "Wch U14"]
[Site "Belfort"]
[Date "2005.07.26"]
[Round "9"]
[White "Roganovic, Milos"]
[Black "Delivre, Raphael"]
[Result "1-0"]
[WhiteElo "2228"]
[BlackElo "2037"]
[PlyCount "54"]
[EventDate "2005.07.??"]
[EventType "swiss"]
[EventRounds "11"]
[EventCountry "FRA"]
[SourceTitle "CBM 107 Extra"]
[Source "ChessBase"]
[SourceDate "2005.09.01"]
[SourceVersion "1"]
[SourceVersionDate "2005.09.01"]
[SourceQuality "1"]

1. e4 c5 2. Nf3 Nc6 3. d4 cxd4 4. Nxd4 g6 5. c4 Nf6 6. Nc3 d6 7. Be2 Nxd4 8. Qxd4 Bg7 9. Be3 0-0 10. Qd2 Be6 11. 0-0 Qa5 12. Rab1 Rfc8 13. b3 a6 14. Rfc1 Qb4 15. a3 Qxa3 16. Ra1 Qb4 17. Ra4 Qxb3 18. Bd1 Nxe4 19. Nxe4 Qb2 20. Qxb2 Bxb2 21. Rb1 Rxc4 22. Rxc4 Bxc4 23. Rxb2 b5 24. Nd2 Rc8 25. Nxc4 bxc4 26. f4 f6 27. Ba4 f5 1-0

[Event "FRA-ch U14"]
[Site "Calvi"]
[Date "2005.04.21"]
[Round "6"]
[White "Saatdjian, Thomas"]
[Black "Delivre, Raphael"]
[Result "1/2-1/2"]
[WhiteElo "2069"]
[BlackElo "2034"]
[PlyCount "69"]
[EventDate "2005.04.??"]
[EventType "swiss"]
[EventRounds "9"]
[EventCountry "FRA"]
[SourceTitle "EXT 2006"]
[Source "ChessBase"]
[SourceDate "2005.11.24"]
[SourceVersion "1"]
[SourceVersionDate "2005.11.24"]
[SourceQuality "1"]

1. e4 c5 2. Nf3 g6 3. d4 Bg7 4. c4 Qb6 5. dxc5 Qxc5 6. Nc3 Bxc3+ 7. bxc3 Nc6 8. Bd3 d6 9. Rb1 Qa5 10. Qc2 Nf6 11. Rb5 Qc7 12. Be3 Ng4 13. Bf4 Nce5 14. Nd2 Be6 15. h3 Nxd3+ 16. Qxd3 Ne5 17. Qd4 f6 18. c5 0-0 19. cxd6 exd6 20. 0-0 b6 21. a4 Rac8 22. Rc1 Rfd8 23. Bg3 Bc4 24. Rb4 Bf7 25. Rbb1 d5 26. exd5 Rxd5 27. Qf4 Qd8 28. Ne4 Nd3 29. Qxf6 Nxc1 30. Rxc1 Rf5 31. Qd6 Qxd6 32. Nxd6 Rfc5 33. Nxc8 Rxc8 34. Rd1 Be6 35. Be5 1/2-1/2

[Event "FRA-ch U14"]
[Site "Calvi"]
[Date "2005.04.20"]
[Round "5"]
[White "Charmeteau, Sven"]
[Black "Delivre, Raphael"]
[Result "0-1"]
[WhiteElo "2006"]
[BlackElo "2034"]
[PlyCount "144"]
[EventDate "2005.04.??"]
[EventType "swiss"]
[EventRounds "9"]
[EventCountry "FRA"]
[SourceTitle "EXT 2006"]
[Source "ChessBase"]
[SourceDate "2005.11.24"]
[SourceVersion "1"]
[SourceVersionDate "2005.11.24"]
[SourceQuality "1"]

1. d4 Nf6 2. c4 e6 3. g3 c5 4. d5 exd5 5. cxd5 d6 6. Nc3 g6 7. Bg2 Bg7 8. Nf3 0-0 9. 0-0 a6 10. a4 Re8 11. Nd2 Nbd7 12. h3 Qc7 13. Nc4 Ne5 14. Na3 Qb8 15. f4 Ned7 16. a5 Qc7 17. Nc4 b5 18. axb6 Nxb6 19. Na5 Nfd7 20. e4 c4 21. Be3 Nc5 22. Bd4 Nd3 23. Bxg7 Kxg7 24. b3 Qc5+ 25. Kh2 Nb4 26. bxc4 Nxc4 27. Nb3 Qe3 28. Rf3 Qb6 29. Na4 Qa7 30. Qe1 Nxd5 31. Qc1 Nde3 32. Qc3+ Kg8 33. Nd4 Nxg2 34. Qxc4 Rxe4 35. Rd1 Ne3 36. Qd3 Rxd4 37. Qxd4 Nxd1 38. Qxd1 Bb7 39. Rf1 Re8 40. Qd2 Qe3 41. Qxe3 Rxe3 42. Rf2 Bf3 43. g4 Re2 44. Kg3 Rxf2 45. Kxf2 Bc6 46. Nb2 Kf8 47. Nc4 Ke7 48. Ke3 Bb5 49. Na5 h6 50. h4 h5 51. gxh5 gxh5 52. Nb3 d5 53. Nd4 Kf6 54. Kd2 Bd7 55. Kc3 Ke7 56. Kb4 Kd6 57. Nf3 f6 58. Kc3 a5 59. Nd4 a4 60. Kb4 a3 61. Kxa3 Kc5 62. Nb3+ Kc4 63. Kb2 Be8 64. Nc1 Kd4 65. Ne2+ Ke3 66. Nc3 Bf7 67. Kc2 d4 68. Nb5 d3+ 69. Kb2 Kxf4 70. Kc3 Ke3 71. Nd6 d2 72. Nf5+ Kf4 0-1

[Event "FRA-chT U20 0405"]
[Site "France"]
[Date "2004.11.21"]
[Round "2.4"]
[White "Dubessay, Bastien"]
[Black "Delivre, Raphael"]
[Result "1-0"]
[WhiteElo "1940"]
[BlackElo "1848"]
[PlyCount "71"]
[EventDate "2004.11.20"]
[EventType "team"]
[EventRounds "11"]
[EventCountry "FRA"]
[SourceTitle "CBM 103 Extra"]
[Source "ChessBase"]
[SourceDate "2005.01.01"]
[SourceVersion "1"]
[SourceVersionDate "2005.01.01"]
[SourceQuality "1"]

1. d4 Nf6 2. c4 e6 3. Nc3 Bb4 4. Qc2 0-0 5. a3 Bxc3+ 6. Qxc3 Ne4 7. Qc2 f5 8. e3 b6 9. Nh3 Bb7 10. f3 Qh4+ 11. g3 Qh5 12. Bg2 Nf6 13. Nf4 Qf7 14. e4 fxe4 15. fxe4 Nc6 16. Qc3 e5 17. dxe5 Ng4 18. 0-0 Ncxe5 19. h3 g5 20. hxg4 Nxg4 21. Nd5 Qe6 22. Bxg5 Bxd5 23. exd5 Qd6 24. b4 Qg6 25. d6 c6 26. Be7 Rxf1+ 27. Rxf1 Qh6 28. Rf4 Qh2+ 29. Kf1 Qh5 30. Bf3 Qh3+ 31. Bg2 Qh5 32. Qd4 Ne5 33. Bd5+ cxd5 34. Qxd5+ Kg7 35. Bf6+ Kg6 36. Qe4+ 1-0

[Event "Wch U12"]
[Site "Heraklion"]
[Date "2004.11.08"]
[Round "6"]
[White "Safarli, Eltaj"]
[Black "Delivre, Raphael"]
[Result "1-0"]
[WhiteElo "2306"]
[BlackElo "1976"]
[PlyCount "47"]
[EventDate "2004.11.04"]
[EventType "swiss"]
[EventRounds "11"]
[EventCountry "GRE"]
[SourceTitle "EXT 2005"]
[Source "ChessBase"]
[SourceDate "2004.11.15"]
[SourceVersion "1"]
[SourceVersionDate "2004.11.15"]
[SourceQuality "1"]

1. d4 Nf6 2. Bg5 Ne4 3. Bf4 c5 4. f3 Nf6 5. dxc5 Qa5+ 6. Nc3 Qxc5 7. e4 d6 8. Qd2 Nc6 9. g4 h6 10. h4 Be6 11. 0-0-0 Rc8 12. Kb1 Qa5 13. Nge2 g6 14. Nd5 Bxd5 15. Qxa5 Nxa5 16. exd5 Bg7 17. Nc3 0-0 18. Bh3 Rc4 19. Be3 Nh7 20. Ne2 Rb4 21. c3 Rxb2+ 22. Kxb2 Nc4+ 23. Kb3 Nxe3 24. Rd3 1-0

[Event "FRA-chT2 0405"]
[Site "France"]
[Date "2004.10.10"]
[Round "1.8"]
[White "Colson, Arnaud"]
[Black "Delivre, Raphael"]
[Result "1-0"]
[WhiteElo "2104"]
[BlackElo "1976"]
[PlyCount "83"]
[EventDate "2004.10.10"]
[EventType "team"]
[EventRounds "11"]
[EventCountry "FRA"]
[SourceTitle "EXT 2006"]
[Source "ChessBase"]
[SourceDate "2005.11.24"]
[SourceVersion "1"]
[SourceVersionDate "2005.11.24"]
[SourceQuality "1"]
[WhiteTeam "Paris Chess XV I"]
[BlackTeam "Paris NAO II"]
[WhiteTeamCountry "FRA"]
[BlackTeamCountry "FRA"]

1. d4 Nf6 2. c4 e6 3. Nc3 Bb4 4. e3 0-0 5. Bd3 b6 6. Nge2 d5 7. cxd5 exd5 8. 0-0 Bd6 9. Ng3 Bxg3 10. hxg3 Re8 11. b4 Ne4 12. Qc2 Nxc3 13. Qxc3 a5 14. b5 c6 15. bxc6 Qc7 16. Bd2 Nxc6 17. Rfc1 Bd7 18. Qb3 Qd6 19. Qxb6 Reb8 20. Qc5 Qxc5 21. Rxc5 Nb4 22. Bxb4 axb4 23. Rcc1 Ra3 24. Bc2 Kf8 25. Bb3 Rb5 26. Rc7 Ke7 27. Rac1 Ke6 28. g4 Rba5 29. R7c5 Rxc5 30. Rxc5 Bc6 31. g5 Ra7 32. Kh2 Rd7 33. Kg3 g6 34. Ra5 Rc7 35. Kg4 Rb7 36. Ra6 Kd7 37. Kf4 Rc7 38. Rb6 Kd8 39. Rb8+ Kd7 40. Rxb4 Ra7 41. Rb8 Kc7 42. Rh8 1-0

[Event "EU-ch U12"]
[Site "Urgup"]
[Date "2004.07.??"]
[Round "9"]
[White "Demidov, Mikhail"]
[Black "Delivre, Raphael"]
[Result "1-0"]
[WhiteElo "2169"]
[BlackElo "1848"]
[PlyCount "41"]
[EventDate "2004.08.??"]
[EventType "swiss"]
[EventRounds "9"]
[EventCountry "TUR"]
[SourceTitle "EXT 2005"]
[Source "ChessBase"]
[SourceDate "2004.11.15"]
[SourceVersion "1"]
[SourceVersionDate "2004.11.15"]
[SourceQuality "1"]

1. d4 Nf6 2. Bg5 e6 3. Nd2 h6 4. Bh4 d5 5. e3 c5 6. c3 b6 7. Bd3 Bd6 8. Ngf3 Ba6 9. Bxa6 g5 10. Bb7 gxh4 11. Bxa8 Qc7 12. Qa4+ Ke7 13. Ne5 Bxe5 14. dxe5 Ng4 15. Qxg4 Na6 16. Qxh4+ Kf8 17. Qf6 Rh7 18. 0-0-0 c4 19. Bxd5 Nc5 20. Bxc4 b5 21. Ne4 1-0

[Event "FRA-chT U20 0304"]
[Site "France"]
[Date "2004.05.02"]
[Round "11"]
[White "Sarfati, Johan"]
[Black "Delivre, Raphael"]
[Result "0-1"]
[WhiteElo "1470"]
[BlackElo "1831"]
[PlyCount "94"]
[EventDate "2003.11.??"]
[EventType "team"]
[EventRounds "11"]
[EventCountry "FRA"]
[SourceTitle "EXT 2005"]
[Source "ChessBase"]
[SourceDate "2004.11.15"]
[SourceVersion "1"]
[SourceVersionDate "2004.11.15"]
[SourceQuality "1"]
[WhiteTeam "Montpellier"]
[BlackTeam "Paris NAO"]
[WhiteTeamCountry "FRA"]
[BlackTeamCountry "FRA"]

1. e4 c5 2. Nf3 Nc6 3. d4 cxd4 4. Nxd4 g6 5. Nc3 Bg7 6. Be3 Nf6 7. Bc4 d6 8. Qd2 Ng4 9. Nde2 Nxe3 10. Qxe3 0-0 11. 0-0-0 Bd7 12. f3 Qa5 13. g4 Rfc8 14. h4 Ne5 15. Bb3 Nc4 16. Bxc4 Rxc4 17. g5 Rac8 18. Rd3 b5 19. h5 b4 20. hxg6 hxg6 21. f4 bxc3 22. Nxc3 Bxc3 23. bxc3 Rxc3 24. Rxc3 Qxc3 25. Qxc3 Rxc3 26. Kd2 Rf3 27. Rb1 Bc6 28. Rb8+ Kg7 29. Rc8 Bxe4 30. Rc7 Rxf4 31. Rxe7 d5 32. Rxa7 Rf2+ 33. Ke3 Rxc2 34. a4 Ra2 35. a5 Ra3+ 36. Kd4 Rg3 37. a6 Rxg5 38. Rb7 Rg1 39. a7 Ra1 40. Kc5 g5 41. Kb6 g4 42. Rb8 d4 43. Re8 Bf3 44. Rd8 g3 45. Rxd4 g2 46. Rd3 g1Q+ 47. Kb5 Qb1+ 0-1

[Event "FRA-chT U20 0304"]
[Site "France"]
[Date "2004.05.01"]
[Round "10"]
[White "Delivre, Raphael"]
[Black "Sainet, Bertrand"]
[Result "0-1"]
[WhiteElo "1831"]
[BlackElo "1530"]
[PlyCount "64"]
[EventDate "2003.11.??"]
[EventType "team"]
[EventRounds "11"]
[EventCountry "FRA"]
[SourceTitle "EXT 2005"]
[Source "ChessBase"]
[SourceDate "2004.11.15"]
[SourceVersion "1"]
[SourceVersionDate "2004.11.15"]
[SourceQuality "1"]
[WhiteTeam "Paris NAO"]
[BlackTeam "Nancy"]
[WhiteTeamCountry "FRA"]
[BlackTeamCountry "FRA"]

1. e4 d5 2. exd5 Qxd5 3. Nc3 Qa5 4. d4 e5 5. dxe5 Bb4 6. Nf3 Nc6 7. Bd2 Bg4 8. a3 Nd4 9. axb4 Qxa1 10. Qxa1 Nxc2+ 11. Kd1 Nxa1 12. Bc4 Be6 13. Bxe6 fxe6 14. Nd4 0-0-0 15. Nce2 Ne7 16. Ke1 Nc6 17. Nxe6 Rde8 18. N2d4 Nc2+ 19. Nxc2 Rxe6 20. f4 g5 21. b5 Nxe5 22. fxe5 Rxe5+ 23. Kf2 Rf8+ 24. Kg3 Re2 25. Rd1 Rd8 26. Rf1 Rexd2 27. Ne3 Rxb2 28. Kg4 Rxb5 29. Nf5 Re5 30. Kxg5 Rg8+ 31. Kf6 Rxf5+ 32. Rxf5 Rf8+ 0-1

[Event "FRA-chT U20 0304"]
[Site "France"]
[Date "2004.04.30"]
[Round "8"]
[White "Delivre, Raphael"]
[Black "Vieillot, Colin"]
[Result "1-0"]
[WhiteElo "1831"]
[BlackElo "1410"]
[PlyCount "67"]
[EventDate "2003.11.??"]
[EventType "team"]
[EventRounds "11"]
[EventCountry "FRA"]
[SourceTitle "EXT 2005"]
[Source "ChessBase"]
[SourceDate "2004.11.15"]
[SourceVersion "1"]
[SourceVersionDate "2004.11.15"]
[SourceQuality "1"]
[WhiteTeam "Paris NAO"]
[BlackTeam "Cannes"]
[WhiteTeamCountry "FRA"]
[BlackTeamCountry "FRA"]

1. e4 e5 2. d4 exd4 3. Qxd4 Nc6 4. Qe3 Nf6 5. Nc3 Bb4 6. Bd2 0-0 7. 0-0-0 d6 8. Bd3 Re8 9. Qg3 Ne5 10. f4 Nh5 11. Qf2 Bc5 12. Qe2 Bg4 13. Nf3 Ng6 14. g3 Qd7 15. Be3 Bxe3+ 16. Qxe3 d5 17. Be2 c6 18. Qf2 Nf6 19. e5 Nh5 20. h3 Be6 21. Nd4 Rad8 22. Bxh5 c5 23. Nxe6 Qxe6 24. Bxg6 fxg6 25. Qxc5 Rd7 26. Rxd5 Rxd5 27. Qxd5 Qxd5 28. Nxd5 Rd8 29. c4 Kf7 30. Re1 Ke6 31. Kc2 b5 32. b3 Rc8 33. Kd3 a6 34. Kd4 1-0

[Event "France-ch U12"]
[Site "Reims"]
[Date "2004.04.24"]
[Round "8"]
[White "Delivre, Raphael"]
[Black "Dubessay, Bastien"]
[Result "1/2-1/2"]
[WhiteElo "1831"]
[BlackElo "1820"]
[PlyCount "98"]
[EventDate "2004.04.??"]
[EventType "swiss"]
[EventRounds "9"]
[EventCountry "FRA"]
[SourceTitle "EXT 2005"]
[Source "ChessBase"]
[SourceDate "2004.11.15"]
[SourceVersion "1"]
[SourceVersionDate "2004.11.15"]
[SourceQuality "1"]

1. e4 c5 2. Nf3 d6 3. d4 cxd4 4. Nxd4 Nf6 5. Nc3 a6 6. Bc4 e6 7. Bb3 Nc6 8. Be3 Qc7 9. Qe2 Nxd4 10. Bxd4 b5 11. 0-0-0 e5 12. Be3 Be7 13. f3 Bd7 14. g4 b4 15. Nd5 Nxd5 16. Bxd5 Bb5 17. Qd2 Rc8 18. h4 Bc4 19. Bxc4 Qxc4 20. Kb1 a5 21. g5 a4 22. Rc1 a3 23. b3 Qc3 24. Qxc3 Rxc3 25. Bd2 Rxf3 26. Bxb4 Rf4 27. Rce1 h6 28. Bxa3 hxg5 29. hxg5 Rxh1 30. Rxh1 Rxe4 31. Rh7 g6 32. Bc1 Rg4 33. a4 Bxg5 34. Bxg5 Rxg5 35. a5 e4 36. b4 Rb5 37. c3 Ke7 38. Rh8 Rb7 39. Ra8 Kd7 40. a6 Rc7 41. b5 Rxc3 42. a7 Rb3+ 43. Kc2 Rxb5 44. Rb8 Ra5 45. a8Q Rxa8 46. Rxa8 Ke6 47. Kc3 Ke5 48. Re8+ Kf4 49. Kd4 f5 1/2-1/2

[Event "France-ch U12"]
[Site "Reims"]
[Date "2004.04.21"]
[Round "5"]
[White "Massoni, Michael"]
[Black "Delivre, Raphael"]
[Result "0-1"]
[WhiteElo "1990"]
[BlackElo "1831"]
[PlyCount "56"]
[EventDate "2004.04.??"]
[EventType "swiss"]
[EventRounds "9"]
[EventCountry "FRA"]
[SourceTitle "EXT 2005"]
[Source "ChessBase"]
[SourceDate "2004.11.15"]
[SourceVersion "1"]
[SourceVersionDate "2004.11.15"]
[SourceQuality "1"]

1. e4 c5 2. Nf3 Nc6 3. d4 cxd4 4. Nxd4 g6 5. Nc3 Bg7 6. Be3 Nf6 7. Bc4 d6 8. f3 Qb6 9. Ncb5 a6 10. Nf5 Qa5+ 11. Bd2 gxf5 12. Bxa5 axb5 13. e5 dxe5 14. Bb3 Nxa5 15. 0-0 0-0 16. Re1 e4 17. fxe4 fxe4 18. Re3 Bg4 19. Qe1 Rfd8 20. h3 Bh5 21. Qb4 Nxb3 22. Rxb3 e3 23. g4 Bg6 24. Qxb5 Nd5 25. Qxb7 e2 26. Kf2 Nf4 27. c3 Bc2 28. Rb6 Bd1 0-1

[Event "EU Union-ch U12"]
[Site "Mureck"]
[Date "2004.??.??"]
[Round "3"]
[White "Delivre, Raphael"]
[Black "Mihok, Oliver"]
[Result "1-0"]
[WhiteElo "1848"]
[BlackElo "2077"]
[PlyCount "75"]
[EventDate "2004.08.??"]
[EventType "swiss"]
[EventRounds "9"]
[EventCountry "AUT"]
[SourceTitle "EXT 2005"]
[Source "ChessBase"]
[SourceDate "2004.11.15"]
[SourceVersion "1"]
[SourceVersionDate "2004.11.15"]
[SourceQuality "1"]

1. e4 c5 2. Nf3 e6 3. d4 cxd4 4. Nxd4 Nc6 5. Nc3 Qc7 6. Be3 a6 7. Be2 Nf6 8. 0-0 Bb4 9. Nxc6 bxc6 10. Bf3 Rb8 11. g3 d5 12. exd5 cxd5 13. Bd4 Be7 14. Re1 0-0 15. Be5 Bd6 16. Bxf6 gxf6 17. Bxd5 exd5 18. Nxd5 Qd8 19. Qh5 f5 20. Rad1 f6 21. c4 Bd7 22. Ne3 Qc7 23. Nxf5 Bxf5 24. Qxf5 Rbd8 25. Qe6+ Kh8 26. a3 Rde8 27. Qxe8 Rxe8 28. Rxe8+ Kg7 29. b4 Be5 30. c5 Qc6 31. Re7+ Kg6 32. Rxe5 Qf3 33. Ree1 Qxa3 34. c6 Qxb4 35. c7 Qb7 36. Rc1 Qc8 37. Red1 a5 38. Rd8 1-0

[Event "EU Union-ch U12"]
[Site "Mureck"]
[Date "2004.??.??"]
[Round "6"]
[White "Erdos, Boglarka"]
[Black "Delivre, Raphael"]
[Result "0-1"]
[WhiteElo "2031"]
[BlackElo "1848"]
[PlyCount "112"]
[EventDate "2004.08.??"]
[EventType "swiss"]
[EventRounds "9"]
[EventCountry "AUT"]
[SourceTitle "EXT 2005"]
[Source "ChessBase"]
[SourceDate "2004.11.15"]
[SourceVersion "1"]
[SourceVersionDate "2004.11.15"]
[SourceQuality "1"]

1. e4 c5 2. Nf3 Nc6 3. d4 cxd4 4. Nxd4 g6 5. c4 Nf6 6. Nc3 d6 7. Be2 Nxd4 8. Qxd4 Bg7 9. Bg5 0-0 10. Qd2 Be6 11. Rc1 Qa5 12. f3 Rfc8 13. b3 a6 14. h4 b5 15. Nd5 Qxd2+ 16. Kxd2 Bxd5 17. cxd5 h6 18. Be3 Nd7 19. f4 Nc5 20. Bf3 b4 21. e5 Rab8 22. Rc4 Nd7 23. Rxc8+ Rxc8 24. exd6 exd6 25. Rc1 Bc3+ 26. Ke2 Nc5 27. f5 Re8 28. Rd1 gxf5 29. Kf2 Kg7 30. Bd4+ Bxd4+ 31. Rxd4 Ne4+ 32. Kg1 a5 33. Kh2 Kf6 34. Rd1 Ke5 35. h5 Rc8 36. Ra1 Kxd5 37. a3 Ke5 38. axb4 axb4 39. Ra4 Rb8 40. Ra7 Ke6 41. g4 Ng5 42. gxf5+ Kxf5 43. Bd5 f6 44. Bc4 Nf3+ 45. Kh3 Ne5 46. Ra5 Ke4 47. Bd5+ Kd4 48. Be6 Re8 49. Rd5+ Ke4 50. Rxd6 Re7 51. Rb6 Nd3 52. Bc4 Nf4+ 53. Kh4 Re5 54. Rxf6 Rxh5+ 55. Kg4 Rg5+ 56. Kh4 Kf3 0-1

[Event "EU Union-ch U12"]
[Site "Mureck"]
[Date "2004.??.??"]
[Round "7"]
[White "Krejci, Jan1111"]
[Black "Delivre, Raphael"]
[Result "1/2-1/2"]
[WhiteElo "2056"]
[BlackElo "1848"]
[PlyCount "54"]
[EventDate "2004.08.??"]
[EventType "swiss"]
[EventRounds "9"]
[EventCountry "AUT"]
[SourceTitle "EXT 2005"]
[Source "ChessBase"]
[SourceDate "2004.11.15"]
[SourceVersion "1"]
[SourceVersionDate "2004.11.15"]
[SourceQuality "1"]

1. Nf3 c5 2. c4 Nc6 3. Nc3 g6 4. g3 Bg7 5. Bg2 e6 6. 0-0 Nge7 7. e3 0-0 8. d4 d6 9. dxc5 dxc5 10. Qe2 a6 11. Rd1 Qc7 12. Bd2 b6 13. Be1 Bb7 14. Rd2 Rfd8 15. Rad1 Rxd2 16. Rxd2 Rd8 17. Qd1 Rxd2 18. Qxd2 Qd8 19. Qxd8+ Nxd8 20. Na4 Nc8 21. b3 Bf6 22. Bc3 Bxc3 23. Nxc3 Kf8 24. Kf1 Ke7 25. Ke2 Bc6 26. Bh3 f6 27. Nd2 Nd6 1/2-1/2

[Event "FRA-chT U20 0203"]
[Site "Clichy"]
[Date "2003.05.02"]
[Round "8.6"]
[White "Delivre, Raphael"]
[Black "Le Ruyet, Leopold"]
[Result "1-0"]
[WhiteElo "1880"]
[BlackElo "1450"]
[PlyCount "89"]
[EventDate "2002.12.??"]
[EventType "team"]
[EventRounds "11"]
[EventCountry "FRA"]
[SourceTitle "EXT 2004"]
[Source "ChessBase"]
[SourceDate "2003.11.25"]
[SourceVersion "1"]
[SourceVersionDate "2003.11.25"]
[SourceQuality "1"]
[WhiteTeam "Paris NAO"]
[BlackTeam "Sautron"]
[WhiteTeamCountry "FRA"]
[BlackTeamCountry "FRA"]

1. e4 d5 2. exd5 Qxd5 3. Nc3 Qd6 4. d4 Nf6 5. Nf3 a6 6. Bc4 b5 7. Bb3 Bb7 8. 0-0 e6 9. Re1 Be7 10. Ng5 h6 11. Nxf7 Kxf7 12. Rxe6 Qxe6 13. Bxe6+ Kxe6 14. Bf4 c5 15. Qe2+ Kf7 16. d5 Re8 17. Qe6+ Kg6 18. Qb6 Bc8 19. Bxb8 Bd7 20. Bd6 Bd8 21. Qxc5 Rc8 22. Qd4 Rc4 23. Qd2 Bb6 24. Qd3+ Bf5 25. Qf3 Ne4 26. Ne2 Bxf2+ 27. Kh1 h5 28. Nf4+ Kf7 29. Qxh5+ g6 30. Qh7+ Kf6 31. Nd3 Be3 32. Be5+ Rxe5 33. Qh8+ Kf7 34. Nxe5+ Ke7 35. Nxc4 bxc4 36. d6+ Kxd6 37. Rd1+ Kc6 38. Qe8+ Kc5 39. Qe5+ Kb6 40. Rd6+ Nxd6 41. Qxd6+ Kb5 42. Qe5+ Kb4 43. Qxe3 a5 44. Qb6+ Ka4 45. Qc5 1-0

[Event "FRA-ch U12"]
[Site "Le Grand Bornand"]
[Date "2003.??.??"]
[Round "7.1"]
[White "Delivre, Raphael"]
[Black "Benassayag, Lucas"]
[Result "1/2-1/2"]
[WhiteElo "1880"]
[BlackElo "2096"]
[PlyCount "101"]
[EventDate "2003.??.??"]
[EventType "swiss"]
[EventRounds "9"]
[EventCountry "FRA"]
[SourceTitle "EXT 2004"]
[Source "ChessBase"]
[SourceDate "2003.11.25"]
[SourceVersion "1"]
[SourceVersionDate "2003.11.25"]
[SourceQuality "1"]

1. e4 e5 2. Nf3 Nc6 3. Bb5 a6 4. Bxc6 dxc6 5. d4 exd4 6. Qxd4 Qxd4 7. Nxd4 Bd7 8. Be3 c5 9. Ne2 b6 10. Nd2 Ne7 11. 0-0-0 0-0-0 12. Nf3 Nc6 13. Nc3 h6 14. Bf4 Be6 15. Rxd8+ Nxd8 16. h3 Bd6 17. Bxd6 cxd6 18. Rd1 Kc7 19. Nd5+ Bxd5 20. exd5 Re8 21. Re1 Rxe1+ 22. Nxe1 b5 23. Kd2 Kd7 24. Nf3 Ke7 25. Ke3 f5 26. Kf4 Kf6 27. h4 Nf7 28. h5 Ne5 29. Nh4 g5+ 30. hxg6 Nxg6+ 31. Nxg6 Kxg6 32. f3 Kf6 33. b3 Kg6 34. g4 fxg4 35. Kxg4 h5+ 36. Kf4 Kf6 37. c4 bxc4 38. bxc4 h4 39. Kg4 h3 40. Kxh3 Ke5 41. Kg4 Kd4 42. Kf5 Kxc4 43. Ke6 Kb5 44. f4 c4 45. f5 c3 46. f6 c2 47. f7 c1Q 48. f8Q Qe3+ 49. Kd7 Qa7+ 50. Ke6 Qe3+ 51. Kd7 1/2-1/2

[Event "FRA-ch U12"]
[Site "Le Grand Bornand"]
[Date "2003.??.??"]
[Round "4.2"]
[White "Delivre, Raphael"]
[Black "Ip, Vincent"]
[Result "1/2-1/2"]
[WhiteElo "1880"]
[BlackElo "2010"]
[PlyCount "64"]
[EventDate "2003.??.??"]
[EventType "swiss"]
[EventRounds "9"]
[EventCountry "FRA"]
[SourceTitle "EXT 2004"]
[Source "ChessBase"]
[SourceDate "2003.11.25"]
[SourceVersion "1"]
[SourceVersionDate "2003.11.25"]
[SourceQuality "1"]

1. e4 c5 2. Nf3 Nc6 3. d4 cxd4 4. Nxd4 g6 5. Nc3 Bg7 6. Nde2 Nf6 7. g3 b5 8. Bg2 Rb8 9. 0-0 0-0 10. Re1 d6 11. h3 a6 12. Nd5 Bb7 13. Nef4 Nd7 14. c3 Nde5 15. b3 e6 16. Ne3 b4 17. Rb1 bxc3 18. Ba3 Qc8 19. Ne2 Na7 20. Rc1 Nb5 21. Bb4 Qd7 22. Nxc3 Nxc3 23. Bxc3 Rfd8 24. f4 Nc6 25. Bxg7 Kxg7 26. e5 Ne7 27. exd6 Qxd6 28. Qxd6 Rxd6 29. Red1 Rxd1+ 30. Rxd1 Bxg2 31. Kxg2 Rc8 32. Kf2 h5 1/2-1/2